000 00521nam a22001697a 4500
005 20250223091617.0
008 250223b |||||||| |||| 00| 0 eng d
020 _a9780721694061
050 _aRJ45
_b.N418
245 _aNelson Essential of Pediatrics/
_cedited by Richard E. Behrman & Robert M. Kliegman
250 _a4th ed.
260 _aPhiladelphia
_bSaunders
_c2002
300 _axiv. 958p.
_bill. some color
_c25.5cm
700 _aBehrman, Richard E.
700 _aKliegman, Robert M.
942 _2lcc
_cBK
_e4th ed.
_n0
999 _c4156
_d4156